[Event "CZE-chT2C 1920"]
[Site "Czech Republic"]
[Date "2020.02.09"]
[Round "8.8"]
[White "Stolba, Milos"]
[Black "Ruzicka, Filip1111"]
[Result "1/2-1/2"]
[WhiteElo "2038"]
[BlackElo "1792"]
[PlyCount "85"]
[EventDate "2019.10.13"]
[EventType "team-tourn"]
[EventRounds "11"]
[EventCountry "CZE"]
[SourceTitle "EXT 2024"]
[Source "ChessBase"]
[SourceDate "2023.10.10"]
[SourceVersion "1"]
[SourceVersionDate "2023.10.10"]
[SourceQuality "1"]
[WhiteTeam "Kutna Hora"]
[BlackTeam "Kobylisy II"]
[WhiteTeamCountry "CZE"]
[BlackTeamCountry "CZE"]

1. d4 Nf6 2. Nf3 g6 3. g3 Bg7 4. c4 0-0 5. Bg2 d6 6. 0-0 Nbd7 7. Nc3 e5 8. e4 exd4 9. Nxd4 Re8 10. Be3 Nc5 11. f3 a5 12. Qd2 c6 13. Rad1 a4 14. Nxc6 Ncxe4 15. fxe4 bxc6 16. Qxd6 Qxd6 17. Rxd6 Ng4 18. Bd2 Ne5 19. b3 axb3 20. axb3 Ra3 21. Rb1 Bf8 22. Rf6 Bc5+ 23. Kh1 Ng4 24. Rxc6 Nf2+ 25. Kg1 Nxe4+ 26. Rxc5 Nxc5 27. b4 Bf5 28. Rf1 Nb3 29. Re1 Rxe1+ 30. Bxe1 Nc1 31. Bf1 Bd3 32. c5 Bxf1 33. Kxf1 Nd3 34. Bd2 Ra1+ 35. Ke2 Nxb4 36. Ne4 Nd5 37. Kd3 f5 38. Nd6 Ra4 39. Nc4 Kf7 40. Nb6 Nxb6 41. cxb6 Ra2 42. Bc3 Ra8 43. Be5 1/2-1/2

[Event "CZE-chT2C 1718"]
[Site "Czech Republic"]
[Date "2018.02.11"]
[Round "8.8"]
[White "Stolba, Milos"]
[Black "Vorisek, Jakub"]
[Result "0-1"]
[WhiteElo "2058"]
[BlackElo "1894"]
[PlyCount "60"]
[EventDate "2017.10.15"]
[EventType "team-tourn"]
[EventRounds "11"]
[EventCountry "CZE"]
[SourceTitle "EXT 2022"]
[Source "ChessBase"]
[SourceDate "2021.10.06"]
[SourceVersion "1"]
[SourceVersionDate "2021.10.06"]
[SourceQuality "1"]
[WhiteTeam "Kutna Hora"]
[BlackTeam "Vlasim"]
[WhiteTeamCountry "CZE"]
[BlackTeamCountry "CZE"]

1. c4 e5 2. Nc3 Nc6 3. g3 f5 4. d3 Nf6 5. Bg2 Bb4 6. Bd2 0-0 7. a3 Bxc3 8. Bxc3 d6 9. Nh3 h6 10. e3 g5 11. Qb3 a5 12. 0-0-0 a4 13. Qc2 Be6 14. f4 Ng4 15. Rde1 d5 16. cxd5 Bxd5 17. Bxd5+ Qxd5 18. e4 Qd7 19. fxg5 fxe4 20. Rxe4 hxg5 21. Rxa4 Nd4 22. Rxa8 Nxc2 23. Rxf8+ Kxf8 24. Kxc2 Ne3+ 25. Kd2 Nc4+ 26. Ke2 Qg4+ 27. Ke1 Ne3 28. Nf2 Qf3 29. h4 Ng4 30. Rf1 Qe3+ 0-1

[Event "CZE-chT2C 1617"]
[Site "Czech Republic"]
[Date "2017.02.26"]
[Round "9.8"]
[White "Stolba, Milos"]
[Black "Zikmund, Alexandr"]
[Result "1-0"]
[WhiteElo "2050"]
[BlackElo "1865"]
[PlyCount "71"]
[EventDate "2016.10.09"]
[EventType "team-tourn"]
[EventRounds "11"]
[EventCountry "CZE"]
[SourceTitle "EXT 2022"]
[Source "ChessBase"]
[SourceDate "2021.10.06"]
[SourceVersion "1"]
[SourceVersionDate "2021.10.06"]
[SourceQuality "1"]
[WhiteTeam "Kutna Hora"]
[BlackTeam "Prachatice"]
[WhiteTeamCountry "CZE"]
[BlackTeamCountry "CZE"]

1. d4 d5 2. c4 e6 3. Nc3 Nf6 4. Bg5 Be7 5. Nf3 c6 6. e3 0-0 7. Rc1 Nbd7 8. Bd3 h6 9. Bh4 a6 10. c5 Nh5 11. Bxe7 Qxe7 12. 0-0 g6 13. e4 dxe4 14. Nxe4 Ndf6 15. Nd6 Ne8 16. Nc4 Nf4 17. Bb1 Nd5 18. Qd2 Kg7 19. Rfe1 Nef6 20. Nfe5 Nd7 21. f4 f5 22. Nf3 N7f6 23. Re2 Qc7 24. g3 Bd7 25. Rce1 Rae8 26. Nh4 Nh7 27. Nd6 Rb8 28. Rxe6 Bxe6 29. Rxe6 Rf6 30. Ne8+ Rxe8 31. Rxe8 Qd7 32. Qe2 Rf7 33. Qe5+ Nhf6 34. Re6 Re7 35. Bxf5 Rxe6 36. Bxe6 1-0

[Event "CZE-chT2C 1516"]
[Site "Czech Republic"]
[Date "2016.03.13"]
[Round "9.5"]
[White "Stolba, Milos"]
[Black "Vorisek, Jaroslav"]
[Result "1-0"]
[WhiteElo "2041"]
[BlackElo "2160"]
[PlyCount "63"]
[EventDate "2015.10.18"]
[EventType "team-tourn"]
[EventRounds "11"]
[EventCountry "CZE"]
[SourceTitle "EXT 2022"]
[Source "ChessBase"]
[SourceDate "2021.10.06"]
[SourceVersion "1"]
[SourceVersionDate "2021.10.06"]
[SourceQuality "1"]
[WhiteTeam "Kutna Hora"]
[BlackTeam "Praha Bohemians"]
[WhiteTeamCountry "CZE"]
[BlackTeamCountry "CZE"]

1. d4 f5 2. e4 fxe4 3. Nc3 Nf6 4. Bg5 Nc6 5. d5 Ne5 6. Qd4 Nf7 7. Bxf6 exf6 8. Nxe4 Be7 9. 0-0-0 0-0 10. Ng3 Nd6 11. f4 b5 12. Nf3 Bb7 13. Bd3 Rf7 14. Rhe1 Qf8 15. c3 a5 16. Kb1 Ba6 17. h4 Nc4 18. Qe4 g6 19. f5 Rg7 20. fxg6 hxg6 21. h5 f5 22. Qe2 Bd6 23. Qf2 Bxg3 24. Qxg3 gxh5 25. Qh3 Qf7 26. Bxf5 Rf8 27. Bc2 b4 28. Nh4 bxc3 29. Qxc3 Qf6 30. Rd4 Rb8 31. Rxc4 Rxb2+ 32. Kxb2 1-0

[Event "CZE-chT2C 1516"]
[Site "Czech Republic"]
[Date "2015.11.08"]
[Round "2.7"]
[White "Zilavy, Jan"]
[Black "Stolba, Milos"]
[Result "1/2-1/2"]
[WhiteElo "2051"]
[BlackElo "2041"]
[PlyCount "60"]
[EventDate "2015.10.18"]
[EventType "team-tourn"]
[EventRounds "11"]
[EventCountry "CZE"]
[SourceTitle "EXT 2022"]
[Source "ChessBase"]
[SourceDate "2021.10.06"]
[SourceVersion "1"]
[SourceVersionDate "2021.10.06"]
[SourceQuality "1"]
[WhiteTeam "Tabor"]
[BlackTeam "Kutna Hora"]
[WhiteTeamCountry "CZE"]
[BlackTeamCountry "CZE"]

1. e4 d5 2. exd5 Qxd5 3. Nc3 Qa5 4. d4 Nf6 5. Nf3 c6 6. Be2 Bf5 7. 0-0 e6 8. Ne5 Bb4 9. Bf4 0-0 10. Nc4 Qd8 11. Bf3 Nd5 12. Nxd5 exd5 13. Ne5 Bd6 14. Bg3 Qc7 15. Re1 Nd7 16. Nxd7 Bxd7 17. Bxd6 Qxd6 18. Qd2 Rfe8 19. c3 Bf5 20. Re3 Kf8 21. Rae1 Qd7 22. Kf1 Bg6 23. Rxe8+ Rxe8 24. Rxe8+ Qxe8 25. Qe2 Qxe2+ 26. Kxe2 Ke7 27. Ke3 Kd6 28. Kf4 Bb1 29. a3 h6 30. Bg4 Be4 1/2-1/2

[Event "CZE-chT2C 1415"]
[Site "Czech Republic"]
[Date "2014.12.14"]
[Round "4.7"]
[White "Stolba, Milos"]
[Black "Filip, Vojtech"]
[Result "0-1"]
[WhiteElo "2170"]
[BlackElo "1950"]
[PlyCount "112"]
[EventDate "2014.11.02"]
[EventType "team-tourn"]
[EventRounds "11"]
[EventCountry "CZE"]
[SourceTitle "EXT 2022"]
[Source "ChessBase"]
[SourceDate "2021.10.06"]
[SourceVersion "1"]
[SourceVersionDate "2021.10.06"]
[SourceQuality "1"]
[WhiteTeam "Kutna Hora"]
[BlackTeam "Dolni Kralovice"]
[WhiteTeamCountry "CZE"]
[BlackTeamCountry "CZE"]

1. d4 d5 2. c4 e6 3. Nc3 Nf6 4. Bg5 Be7 5. e3 c6 6. Nf3 0-0 7. Rc1 Nbd7 8. Bd3 a6 9. cxd5 exd5 10. Qc2 Re8 11. 0-0 Nf8 12. Rb1 Ne4 13. Bxe7 Qxe7 14. b4 Ng6 15. a4 Nh4 16. Nxh4 Qxh4 17. f3 Nxc3 18. Qxc3 Qg5 19. Rfe1 Bf5 20. e4 dxe4 21. fxe4 Bg6 22. b5 axb5 23. axb5 Ra2 24. Rb2 Rxb2 25. Qxb2 Qh4 26. g3 Qg5 27. bxc6 bxc6 28. Qc3 Rd8 29. Bf1 Qf6 30. e5 Qe6 31. Bc4 Qe7 32. Bb3 Qa7 33. e6 fxe6 34. Rxe6 Kh8 35. Rxc6 Rxd4 36. Rc5 Rd8 37. Qa5 Qe7 38. Re5 Qf8 39. Qc5 Qf6 40. Qe7 Qb6+ 41. Kg2 Rd2+ 42. Kh3 Qxb3 43. Qf8+ Qg8 44. Qxg8+ Kxg8 45. g4 Kf7 46. Kg3 Kf6 47. Ra5 Rd3+ 48. Kf4 Rd4+ 49. Kg3 Re4 50. h4 Bf7 51. Rf5+ Ke7 52. Rg5 g6 53. Ra5 Be6 54. Kf3 Rd4 55. Ra7+ Bd7 56. h5 g5 0-1

[Event "CZE-chT2C 1415"]
[Site "Czech Republic"]
[Date "2014.11.02"]
[Round "1.6"]
[White "Stolba, Milos"]
[Black "Svanda, Pavel"]
[Result "1-0"]
[WhiteElo "2170"]
[BlackElo "2136"]
[PlyCount "97"]
[EventDate "2014.11.02"]
[EventType "team-tourn"]
[EventRounds "11"]
[EventCountry "CZE"]
[SourceTitle "EXT 2022"]
[Source "ChessBase"]
[SourceDate "2021.10.06"]
[SourceVersion "1"]
[SourceVersionDate "2021.10.06"]
[SourceQuality "1"]
[WhiteTeam "Kutna Hora"]
[BlackTeam "Jihlava Gordic"]
[WhiteTeamCountry "CZE"]
[BlackTeamCountry "CZE"]

1. d4 Nf6 2. c4 g6 3. Nc3 d5 4. cxd5 Nxd5 5. e4 Nxc3 6. bxc3 Bg7 7. Bc4 c5 8. Ne2 Nc6 9. Be3 0-0 10. 0-0 Qc7 11. Rc1 Rd8 12. Qc2 Na5 13. Qa4 cxd4 14. cxd4 Nxc4 15. Rxc4 Qd7 16. Qc2 h6 17. Rc1 Qe8 18. Rc7 e6 19. e5 Bd7 20. Rxb7 Ba4 21. Qc3 Rd7 22. Rb4 Rdd8 23. Ng3 Rac8 24. Rc4 Rxc4 25. Qxc4 Qb5 26. Qc7 Qd7 27. h3 Qxc7 28. Rxc7 Rd7 29. Rc8+ Kh7 30. Ne4 Bb5 31. Nc5 Re7 32. a4 Be8 33. f4 Bf8 34. Bd2 Bg7 35. Ba5 f5 36. Bd8 Rf7 37. Bh4 Bd7 38. Rc7 Be8 39. Nxe6 Rxc7 40. Nxc7 Bxa4 41. Be7 Kg8 42. Bc5 Kf7 43. e6+ Kf6 44. d5 g5 45. d6 Kg6 46. d7 Bf6 47. Nd5 Bd8 48. e7 Bxe7 49. Nxe7+ 1-0

[Event "CZE-chT2C 1314"]
[Site "Czech Republic"]
[Date "2013.11.17"]
[Round "2.4"]
[White "Novotny, Jaroslav3333"]
[Black "Stolba, Milos"]
[Result "1-0"]
[WhiteElo "2173"]
[BlackElo "2161"]
[PlyCount "45"]
[EventDate "2013.11.03"]
[EventType "team-tourn"]
[EventRounds "11"]
[EventCountry "CZE"]
[SourceTitle "EXT 2015"]
[Source "ChessBase"]
[SourceDate "2014.11.20"]
[SourceVersion "1"]
[SourceVersionDate "2014.11.20"]
[SourceQuality "1"]
[WhiteTeam "Praha Dukla"]
[BlackTeam "Kutna Hora"]
[WhiteTeamCountry "CZE"]
[BlackTeamCountry "CZE"]

1. e4 e5 2. f4 Bc5 3. Nf3 d6 4. Nc3 Nf6 5. Bc4 Nc6 6. d3 Bg4 7. Na4 Bb6 8. Nxb6 axb6 9. 0-0 Nd4 10. fxe5 dxe5 11. Bxf7+ Ke7 12. Bb3 Bxf3 13. Rxf3 Nxf3+ 14. Qxf3 Qd4+ 15. Be3 Qxb2 16. Rf1 Raf8 17. Qg3 Ne8 18. Qg5+ Rf6 19. d4 Kd7 20. Qg4+ Ke7 21. Rd1 Qc3 22. Bg5 exd4 23. e5 1-0

[Event "CZE-chT2C 1112"]
[Site "Czech Republic"]
[Date "2012.03.25"]
[Round "10.5"]
[White "Stolba, Milos"]
[Black "Brezmen, Pavel"]
[Result "1-0"]
[WhiteElo "2114"]
[BlackElo "2093"]
[PlyCount "61"]
[EventDate "2011.10.09"]
[EventType "team-tourn"]
[EventRounds "11"]
[EventCountry "CZE"]
[SourceTitle "EXT 2013"]
[Source "ChessBase"]
[SourceDate "2012.11.22"]
[SourceVersion "1"]
[SourceVersionDate "2012.11.22"]
[SourceQuality "1"]
[WhiteTeam "Kutna Hora"]
[BlackTeam "Kolin"]
[WhiteTeamCountry "CZE"]
[BlackTeamCountry "CZE"]

1. d4 Nf6 2. Nf3 d5 3. c4 c6 4. Nc3 e6 5. cxd5 exd5 6. Bg5 Be7 7. Qc2 0-0 8. e3 h6 9. Bh4 Ne4 10. Bxe7 Qxe7 11. Nxe4 dxe4 12. Nd2 Re8 13. Bc4 Nd7 14. 0-0 Nf6 15. Rae1 Be6 16. b3 Bd5 17. Rb1 Rac8 18. Rfc1 Qd7 19. h3 c5 20. Bxd5 Nxd5 21. dxc5 Nb4 22. Qc4 Nd3 23. Nxe4 Nxc1 24. Rxc1 Re6 25. b4 Rg6 26. Kf1 Kh8 27. Qd4 Qc7 28. Rd1 b6 29. Nd6 bxc5 30. bxc5 Qc6 31. Nxc8 1-0

[Event "CZE-chT2C 1112"]
[Site "Czech Republic"]
[Date "2012.02.05"]
[Round "7.5"]
[White "Cakl, Zdenek"]
[Black "Stolba, Milos"]
[Result "0-1"]
[WhiteElo "2078"]
[BlackElo "2114"]
[PlyCount "98"]
[EventDate "2011.10.09"]
[EventType "team-tourn"]
[EventRounds "11"]
[EventCountry "CZE"]
[SourceTitle "EXT 2013"]
[Source "ChessBase"]
[SourceDate "2012.11.22"]
[SourceVersion "1"]
[SourceVersionDate "2012.11.22"]
[SourceQuality "1"]
[WhiteTeam "Liberec"]
[BlackTeam "Kutna Hora"]
[WhiteTeamCountry "CZE"]
[BlackTeamCountry "CZE"]

1. Nf3 d5 2. b3 Nf6 3. Bb2 Bg4 4. e3 Nbd7 5. Be2 e6 6. 0-0 Bd6 7. c4 0-0 8. Nc3 c6 9. cxd5 exd5 10. Nd4 Bxe2 11. Qxe2 Ne4 12. f4 Ndf6 13. d3 Nxc3 14. Bxc3 Qd7 15. Nf3 Qe7 16. Ne5 Rfe8 17. Rae1 Rad8 18. e4 Bb4 19. Bxb4 Qxb4 20. exd5 Nxd5 21. Qh5 Re7 22. Re4 Qb6+ 23. Kh1 Nf6 24. Qh4 Rxd3 25. Nc4 Qd8 26. Rxe7 Qxe7 27. Re1 Qd8 28. h3 Qd4 29. Qg4 Qd8 30. Qf5 g6 31. Qc5 a6 32. Qa7 Rd1 33. Rxd1 Qxd1+ 34. Kh2 Qd7 35. Qb8+ Kg7 36. Qe5 Qd5 37. Qc3 c5 38. Ne5 b5 39. Qe3 Ne4 40. Nf3 h6 41. Ne5 c4 42. bxc4 bxc4 43. Ng4 Qd3 44. Qc1 c3 45. f5 Qd2 46. Qf1 c2 47. fxg6 fxg6 48. Qa1+ Nc3 49. Qf1 Qd6+ 0-1

[Event "CZE-chT2C 1112"]
[Site "Czech Republic"]
[Date "2012.01.08"]
[Round "5.5"]
[White "Stolba, Milos"]
[Black "Balaz, Rene"]
[Result "1/2-1/2"]
[WhiteElo "2114"]
[BlackElo "2113"]
[PlyCount "43"]
[EventDate "2011.10.09"]
[EventType "team-tourn"]
[EventRounds "11"]
[EventCountry "CZE"]
[SourceTitle "EXT 2013"]
[Source "ChessBase"]
[SourceDate "2012.11.22"]
[SourceVersion "1"]
[SourceVersionDate "2012.11.22"]
[SourceQuality "1"]
[WhiteTeam "Kutna Hora"]
[BlackTeam "Horice"]
[WhiteTeamCountry "CZE"]
[BlackTeamCountry "CZE"]

1. d4 d5 2. c4 c6 3. Nf3 Nf6 4. Nc3 a6 5. cxd5 cxd5 6. Bf4 e6 7. e3 Bd6 8. Bg3 Bxg3 9. hxg3 Qb6 10. Qa4+ Bd7 11. Qa3 a5 12. Na4 Bxa4 13. Qxa4+ Nc6 14. Bb5 0-0 15. 0-0 Na7 16. Bd3 Rfc8 17. Ne5 Nc6 18. Nxc6 Rxc6 19. Rab1 Qb4 20. Qd1 Rac8 21. a3 Qe7 22. Bb5 1/2-1/2

[Event "CZE-chT2C 1112"]
[Site "Czech Republic"]
[Date "2011.10.09"]
[Round "1.4"]
[White "Fiala, Jaroslav"]
[Black "Stolba, Milos"]
[Result "1/2-1/2"]
[WhiteElo "2235"]
[BlackElo "2114"]
[PlyCount "34"]
[EventDate "2011.10.09"]
[EventType "team-tourn"]
[EventRounds "11"]
[EventCountry "CZE"]
[SourceTitle "EXT 2013"]
[Source "ChessBase"]
[SourceDate "2012.11.22"]
[SourceVersion "1"]
[SourceVersionDate "2012.11.22"]
[SourceQuality "1"]
[WhiteTeam "Jicin II"]
[BlackTeam "Kutna Hora"]
[WhiteTeamCountry "CZE"]
[BlackTeamCountry "CZE"]

1. Nf3 d5 2. d4 Nf6 3. c4 dxc4 4. e3 c5 5. Bxc4 e6 6. 0-0 a6 7. dxc5 Qxd1 8. Rxd1 Bxc5 9. a3 b5 10. Be2 Bb7 11. Nbd2 Nbd7 12. b3 0-0 13. Bb2 Rfd8 14. Ne5 Nxe5 15. Bxe5 Ne4 16. Nxe4 Bxe4 17. b4 Be7 1/2-1/2